000 00379nam a2200157Ia 4500
008 230524s9999 xx 000 0 und d
082 _a610.28
_bRAN
100 _aT.S.Ranganathan
245 2 _aA Text Book of Human Anatomy
250 _a1ST
260 _aNEW DELHI
_bS.Chand
_c2006
300 _aXI;951
500 _aQuantity Number: 2
650 _aBiomedical
942 _cBK
999 _c36624
_d36624